A retrospective descriptive study of management and clinical outcomes of primary care patients WHO underwent first bone mineral density test in 2005 /
Saved in:
| Main Author: | |
|---|---|
| Format: | Thesis Book |
| Language: | English |
| Published: |
2012.
|
| Subjects: | |
| Tags: |
Add Tag
No Tags, Be the first to tag this record!
|
| LEADER | 01043cam a2200265 a 4500 | ||
|---|---|---|---|
| 001 | u875514 | ||
| 003 | SIRSI | ||
| 005 | 201303060936 | ||
| 008 | 130306s2012 my t 000 0 eng m | ||
| 040 | |a UMP | ||
| 043 | |a a-my--- | ||
| 096 | |a W84.6 |b UM 2012 Lee | ||
| 100 | 1 | |a Lee, Yeow Siong. | |
| 245 | 1 | 2 | |a A retrospective descriptive study of management and clinical outcomes of primary care patients WHO underwent first bone mineral density test in 2005 / |c Lee Yeow Siong. |
| 260 | |c 2012. | ||
| 300 | |a 71 leaves : |b ill. ; |c 30 cm. | ||
| 502 | |a Dissertation (M. Fam. Med.) -- Department of Primary Care Medicine, Faculty of Medicine, University of Malaya, 2012. | ||
| 504 | |a Bibliography: leaves 66-68. | ||
| 650 | 1 | 2 | |a Bone Density |z Malaysia. |
| 650 | 2 | 2 | |a Bone Diseases, Metabolic |x prevention & control |z Malaysia. |
| 650 | 2 | 2 | |a Mass Screening |z Malaysia. |
| 710 | 2 | 0 | |a Universiti Malaya. |b Jabatan Perubatan Rawatan Utama. |
| 900 | |a RAH | ||
| 596 | |a 2 | ||
| 999 | |a W84.6 UM 2012 LEE |w NLM |c 1 |i A515503087 |l TESIS |m P02MEDKL |r Y |s Y |t TESIS |u 11/6/2013 | ||
